000 00308nam a2200133Ia 4500
003 GCL
008 140319s9999 xx 000 0 ara d
040 _aGCL /
_cGCL
082 0 4 _a813.01
_bس و
245 1 0 _aوادى الدموع
260 _a[S.N] :
_bزهير بعلبكى
300 _a152 ص
490 _a
999 _c54918
_d54918